| 000 | 00760nam a22002417a 4500 | ||
|---|---|---|---|
| 003 | URS | ||
| 005 | 20250828100507.0 | ||
| 008 | 250319b ||||| |||| 00| 0 eng d | ||
| 020 | _a9780470616208 | ||
| 040 | _cURS | ||
| 050 |
_aLB2342 _b.B3245 2011 |
||
| 100 |
_911420 _aBarr, Margaret J. |
||
| 245 | _aBudgets and Financial Management in Higher Education | ||
| 264 |
_aSan Francisco _bJossey Bass _c©2011 |
||
| 300 |
_a206 pages.,: _c24 cm. |
||
| 336 |
_2rdacontent _atext |
||
| 337 |
_2rdamedia _aunmediated |
||
| 338 |
_2rdacarrier _avolume |
||
| 650 | 0 |
_911421 _aEducation _xHigher--United States-- Finance |
|
| 650 | 0 |
_911422 _aUniversities and Colleges _xUnited States--Business Management |
|
| 700 |
_911423 _aMcClellan, George S. |
||
| 942 |
_2lcc _cR |
||
| 999 |
_c84949 _d84947 |
||